000 01065cam a22003137a 4500
003 CHAP
005 20220817041421.0
008 971013s1988 r 00010 d
010 _a13871
011 _a14843
035 _a18917
040 _cCHAP
082 _a338.972
_bI5 Gro.
110 _aInstituto Nacional de Estadística, Geografía e Informática. México
_959304
245 0 _aEstructura económica del estado de Guerrero
260 _aAguascalientes, Ags. :
_bINEGI,
_c1988
300 _a54 p.
_b: cuadros
590 _aBATCH-UPD
_b10
_c20130110
_lUCH01
_h1504
590 _aBATCH-UPD
_b10
_c20130410
_lUCH01
_h0924
590 _aBATCH-UPD
_b10
_c20130914
_lUCH01
_h1555
590 _aCONVERSION
_b10
_c20130109
_lUCH01
_h1309
650 1 4 _aGuerrero
_xCondiciones económicas.
650 1 4 _aGuerrero
_xEstadísticas.
_951184
650 1 4 _aIngresos
_xContabilidad
_xGuerrero.
_958377
650 1 4 _aProducto interno bruto
_xGuerrero.
_991878
901 _aBK
942 _cLIBRO
949 _a338.972 I5 Gro.
_bBC
_cINEGI
_d33724000554887
_eINEGI
_h72744
_i18917
_si
999 _c13871
_d13871